Search the Library Catalogue
| 000 -LEADER | |
|---|---|
| fixed length control field | 00808nam a2200229Ia 4500 |
| 008 - FIXED-LENGTH DATA ELEMENTS--GENERAL INFORMATION | |
| fixed length control field | 191130s2007##################000#0#eng## |
| 020 ## - INTERNATIONAL STANDARD BOOK NUMBER | |
| ISBN | 9781402732621 |
| 082 ## - DEWEY DECIMAL CLASSIFICATION NUMBER | |
| Classification number | 793.8092 MUL |
| 100 ## - MAIN ENTRY--AUTHOR NAME | |
| Personal name | Mullin, Rita T |
| 245 ## - TITLE STATEMENT | |
| Title | Harry Houdini : death-defying showman |
| Statement of responsibility, etc | Rita Thievon Mullin |
| 260 ## - PUBLICATION, DISTRIBUTION, ETC. (IMPRINT) | |
| Place of publication | New York |
| Name of publisher | Sterling Publishing |
| Year of publication | c2007 |
| 300 ## - PHYSICAL DESCRIPTION | |
| Number of Pages | 124 p. : ill. (some col.) ; 20 cm |
| 500 ## - GENERAL NOTE | |
| General note | Includes bibliographical references and index |
| 650 ## - SUBJECT ADDED ENTRY--TOPICAL TERM | |
| Topical Term | Escape artists - United States - Biography - Juvenile literature |
| Topical Term | Houdini, Harry, 1874-1926 - Juvenile literature |
| Topical Term | Magicians - United States - Biography - Juvenile literature |
| 991 ## - | |
| -- | 334689 |
| Withdrawn status | Lost status | Damaged status | Not for loan | Home library | Current library | Shelving location | Date acquired | Full call number | Accession Number | Price effective from | Koha item type |
|---|---|---|---|---|---|---|---|---|---|---|---|
| Anna Centenary Library | Anna Centenary Library | 6TH FLOOR, B WING | 13.10.2020 | 793.8092 MUL | 481567 | 13.10.2020 | English Books |